书目信息 |
| 题名: |
电磁兼容测试技术
|
|
| 作者: | 张厚 , 唐宏 , 尹应增 编著 | |
| 分册: | ||
| 出版信息: | 西安 西北工业大学出版社 2008.09 |
|
| 页数: | 152页 | |
| 开本: | 26cm | |
| 丛书名: | ||
| 单 册: | ||
| 中图分类: | TN03 | |
| 科图分类: | ||
| 主题词: | 电磁兼容性--dian ci jian rong xing--测试技术 | |
| 电子资源: | ||
| ISBN: | 978-7-5612-2452-6 | |
| 000 | 00920nam0 2200265 450 | |
| 001 | 012009099512 | |
| 005 | 20090621171723.15 | |
| 010 | @a978-7-5612-2452-6@dCNY18.00 | |
| 100 | @a20090621d2008 km y0chi0120 ea | |
| 101 | 0 | @achi |
| 102 | @aCN@b610000 | |
| 105 | @aak z 000yy | |
| 106 | @ar | |
| 200 | 1 | @a电磁兼容测试技术@Adian ci jian rong ce shi ji shu@f张厚, 唐宏, 尹应增编著@Fzhang hou,tang hong,yin ying zeng bian zhu |
| 210 | @a西安@c西北工业大学出版社@d2008.09 | |
| 215 | @a152页@c图@d26cm | |
| 300 | @a高等学校教材 | |
| 330 | @a本书主要内容包括:电磁兼容基础,现代测试方法与技术新理念,测试和测量前的准备,电磁兼容测量的一般方法等。 | |
| 606 | 0 | @a电磁兼容性@Adian ci jian rong xing@x测试技术 |
| 690 | @aTN03@v4 | |
| 701 | 0 | @a张厚@Azhang hou@4编著 |
| 701 | 0 | @a唐宏@Atang hong@4编著 |
| 701 | 0 | @a尹应增@Ayin ying zeng@4编著 |
| 801 | 0 | @aCN@bQSSK@c20090621 |
| 905 | @b744716-18@dTN03@eZ118@f3 | |
| 电磁兼容测试技术/张厚, 唐宏, 尹应增编著.-西安:西北工业大学出版社,2008.09 |
| 152页:图;26cm |
| 高等学校教材 |
| ISBN 978-7-5612-2452-6:CNY18.00 |
| 本书主要内容包括:电磁兼容基础,现代测试方法与技术新理念,测试和测量前的准备,电磁兼容测量的一般方法等。 |
| ● |
| 相关链接 |
|
|
|
正题名:电磁兼容测试技术
索取号:TN03/Z118
 
预约/预借
| 序号 | 登录号 | 条形码 | 馆藏地/架位号 | 状态 | 备注 |
| 1 | 744716 | 207447164 | 自科库301/301自科库 24排4列3层/ [索取号:TN03/Z118] | 在馆 | |
| 2 | 744717 | 207447173 | 自科二线404/404自科库 11排2列6层/ [索取号:TN03/Z118] | 在馆 | |
| 3 | 744718 | 207447182 | 自科库301/301自科库 24排4列3层/ [索取号:TN03/Z118] | 在馆 |